000
00312nam a22001337a 4500
082
_a
894.812.3
_b
SAS/B
100
_a
MADAVOOR, SASI, - Tr.
245
_a
BUDHIYANU SAKTHI
250
_a
1
260
_a
THRISSUR
_b
H&C PUBLISHING HOUSE
_c
2007
300
_a
48
650
_a
MALAYALAM SHORT STORY
_z
KERALA
942
_c
BK
999
_c
1507
_d
1507